Las empresas más antiguas de Madrid / (Record no. 18772)

MARC details
000 -LEADER
campo de control de longitud fija 00887nam a2200229 i 4500
001 - NÚMERO DE CONTROL
campo de control 18772
003 - IDENTIFICADOR DE NÚMERO DE CONTROL
campo de control ES-MaACL
005 - FECHA Y HORA DE LA ÚLTIMA TRANSACCIÓN
campo de control 20250902064653.0
007 - CAMPO FIJO DE DESCRIPCIÓN FÍSICA--INFORMACIÓN GENERAL
campo de control de longitud fija t|
008 - DATOS DE LONGITUD FIJA--INFORMACIÓN GENERAL
campo de control de longitud fija 020313s2001 sp ||||1| spa d
080 ## - NÚMERO DE LA CLASIFICACIÓN DECIMAL UNIVERSAL
Número de la Clasificación Decimal Universal 658(460.27)(091)
100 1# - ENTRADA PRINCIPAL--NOMBRE DE PERSONA
Nombre de persona Arribas Alvarez, José Francisco.
9 (RLIN) 23288
245 14 - MENCIÓN DEL TÍTULO
Título Las empresas más antiguas de Madrid /
Mención de responsabilidad, etc. José Francisco Arribas Alvarez ; ilustraciones de Estrella Fernández Alvarez.
260 ## - PUBLICACIÓN, DISTRIBUCIÓN, ETC.
Lugar de publicación, distribución, etc. Madrid :
Nombre del editor, distribuidor, etc. Fundación Beneficentia et Perita Iuris :
-- Colegio de Registradores,
Fecha de publicación, distribución, etc. [2001]
300 ## - DESCRIPCIÓN FÍSICA
Extensión 223 p. :
Otras características físicas il. ;
Dimensiones 31 cm.
650 14 - PUNTO DE ACCESO ADICIONAL DE MATERIA--TÉRMINO DE MATERIA
Término de materia o nombre geográfico como elemento de entrada Empresas-
Subdivisión geográfica Madrid
9 (RLIN) 12226
700 1# - ENTRADA AGREGADA--NOMBRE PERSONAL
Nombre de persona Fernández Alvarez, Estrella.
9 (RLIN) 49454
710 2# - ENTRADA AGREGADA--NOMBRE DE ENTIDAD CORPORATIVA
Nombre de entidad corporativa o nombre de jurisdicción como elemento de entrada Fundación Beneficentia et Perita Iuris.
9 (RLIN) 4232
710 2# - ENTRADA AGREGADA--NOMBRE DE ENTIDAD CORPORATIVA
Nombre de entidad corporativa o nombre de jurisdicción como elemento de entrada Colegio de Registradores de la Propiedad y Mercantiles de España.
9 (RLIN) 2938
852 ## - LOCALIZACIÓN
Ubicación ES-MaACL
Número de control de estantería L-25263
Sublocalización o colección R.131156
Holdings
Estatus retirado Estado de pérdida Estado de daño No para préstamo Biblioteca de origen Biblioteca actual Ubicación en estantería Fecha de adquisición Fuente de adquisición Total de préstamos Signatura topográfica completa Código de barras Visto por última vez Precio de reemplazo Tipo de ítem Koha
        Biblioteca del Ateneo de Madrid Biblioteca del Ateneo de Madrid Depósito 2 17/01/2008     L-25263 1019209 23/02/2023 23/02/2023 Libro impreso